000 02091nam a2200277Ia 4500
999 _c54865
_d54865
001 21934
003 GE_BSU
005 20220829130337.0
008 181216s2009||||ge |||||||||||||| ||geo||
020 _a9789941409622
040 _cGE_BSU
041 _ageo
080 _a821.353.1-4 მ 44
100 _aმახაჭაძე, შორენა
_93197
245 _aდა სიტყვა იყო ღმერთი... წ. 1 :
_bაჭარაში მოღვაწე მწერლებისადმი მიძღვნ. წერილებისა და ესეების კრებული /
_cშორენა მახაჭაძე ; რედ. ლელა ოჩიაური.
264 _aბათუმი :
_bშოთა რუსთაველის სახელმწ. უნ-ტის გამ-ბა,
_c2009.
300 _a270 გვ. ;
_c19 სმ.
500 _aფიქრები ზურაბ გორგილაძის პოეზიაზე -- ფრიდონ ხალვაშის "ომრი" -- წვიმა, ზღვა და სიყვარული ნანა გვარიშვილის ლირიკაში -- ლადო სეიდიშვილის მედიტაციური ლირიკა -- დავით თედორაძის "ვედრება" ქვეყნის გადარჩენისა -- ვახტანგ ღლონტის სევდა და სიყვარული -- სანდრო ბერიძის მწუხარე-ირონიული პოეზია. და სხვ.
500 _aპირთა საძ. გვ. : 266-269
504 _aბიბლიოგრაფია გვ. : 259-265
541 _h10ლ.
653 _aდა სიტყვა იყო ღმერთი... წ. 1
653 _aქართული ლიტერატურა
700 _aოჩიაური, ლელა
_eრედაქტორი
_914557
942 _cBK
_2udc